| 000 | 01234 a2200205 4500 | ||
|---|---|---|---|
| 003 | Nust | ||
| 005 | 20170207153423.0 | ||
| 020 | _a8121923182 | ||
| 040 | _cNust | ||
| 082 | _a621.3192 | ||
| 100 | _aGupta, B. R. | ||
| 245 |
_aFundamentals of electrical networks _cB. R. Gupta & Vandana Singhal |
||
| 250 | _a1st ed | ||
| 260 |
_aS.Chand _bNew Delhi _c1999 |
||
| 300 |
_axiv, 642 p. _billus _c24 cm |
||
| 505 | _aUnits and Definitions (Page-1), Parameters of Electric Networks (Page-11), DC Network Analysis and Network Theorems (Page-42), Managetic Circuit (Page-108), Self and Mutual Inductance (Page-125), Network Transients (Page-140), Alternating Current and Voltage (Page-208), Series AC Circuits (Page-222), Parallel and Series Parallel Networks (Page-251), Resonance (Page-270), AC Networks Theorems (Page-295), State Variable Analysis (Page-325), Non Sinusoidal Waves (Page-339), Polyphase Networks (Page-374), Two Port Networks (Page-402), Filter Networks (Page-436), Network Functions Poles and Zeros (Page-468), Network Synthesis (Page-513), Mechanical Analogies (Page-573), Symmetrical Components (Page-589), | ||
| 538 | _aAlmirah No.31 Shelf No.4 | ||
| 600 | _aB.R.Gupta | ||
| 650 | _aFundamentals of electrical networks | ||
| 942 |
_2ddc _cBK |
||
| 999 |
_c185797 _d185797 |
||